00656nam a2200181 i 450000100060000000300090000600500170001500700030003200800410003510000280007624500910010426000430019530000270023870000380026585200320030399900170033595201220035292958ES-MaACL20230906181108.0t|050406s1968 sp ||||1| spa d1 aLodziak, Conrad.97308310aTácticas de fútbol / cConrad Lodziak; [traducción por José Rovira Sánchez]. aBarcelona : bHispano-Europea, c1968. a246 p.; il. ; c21 cm.1 aRovira Sánchez, José.9100155 aES-MaACLjC-34422 bR.65260 c92958d92958 00104070aATENEOMbATENEOMcDEPO2d2008-01-17eSCl0oC-34422p1097041r2023-02-23 00:00:00w2023-02-23yMONOGRAFIA